Kitāb al-Amālī : fīhā marāth wa-ashʻār ukhrá wa-akhbār wa-lughah wa-ghayruhā /
Main Author:
Format: Book
Language: Arabic
Published:
Ḥaydar Ābād al-Dakan :
Maṭbaʻat Jamʻīyat Dāʾirat al-Maʻārif,
1948.
Edition: al-Ṭabʻah 1.
Subjects:
Tags: Add Tag
Call Number: PJ7615 .Y31 1948
| LEADER | 01964nam a2200265Ia 4500 | ||
|---|---|---|---|
| 003 | OSt | ||
| 005 | 20231016125943.0 | ||
| 008 | 130303s1948 ii b 000 0 ara d | ||
| 952 | |0 0 |1 0 |2 lcc |4 0 |6 PJ7615 Y31 01948 |7 1 |9 50599 |a ARCE |b ARCE |d 2023-10-16 |l 0 |o PJ7615 .Y31 1948 |p 1019351 |r 2023-10-16 00:00:00 |w 2023-10-16 |y BK | ||
| 999 | |c 27553 |d 27553 | ||
| 040 | |c ARCE Library | ||
| 050 | 4 | |a PJ7615 .Y31 1948 | |
| 100 | 1 | |6 880-01 |a Yazīdī, Muḥammad ibn al-ʻAbbās, |d 842 or 843-922 or 923, |e author |9 42475 | |
| 245 | 1 | 0 | |6 880-02 |a Kitāb al-Amālī : |b fīhā marāth wa-ashʻār ukhrá wa-akhbār wa-lughah wa-ghayruhā / |c ʻan Abī ʻAbd Allāh Muḥammad ibn al-ʻAbbās ibn Muḥammad ibn Abī Muḥammad Yaḥyá ibn al-Mubārak al-Yazīdī. |
| 250 | |a al-Ṭabʻah 1. | ||
| 264 | 1 | |a Ḥaydar Ābād al-Dakan : |b Maṭbaʻat Jamʻīyat Dāʾirat al-Maʻārif, |c 1948. | |
| 300 | |a 15, 159 pages ; |c 26 cm. | ||
| 500 | |a "ʻAn al-nuskhah al-fardah al-maḥfūẓah bi-al-Āsitānah fī Khizānat ʻĀshir Afandī bi-Istānbūl (raqam 904)." | ||
| 504 | |a Includes bibliographical references. | ||
| 650 | 0 | |a Arabic literature |y 622-750. | |
| 740 | 0 | |a Amālī. | |
| 880 | 1 | |6 100-01/(3/r |a يزيدي، محمد بن العباس، |d 842 أو 843-922 أو 923. | |
| 880 | 1 | 0 | |6 245-02/(3/r |a كتاب الأمالي : |b فيها مراث و أشعار أخرى و لغة و غيرها |c عن أبي عبد الله محمد بن العباس بن محمد بن أبي محمد يحيى بن المبارك اليزدي. |
| 901 | |a reviewed | ||
| 942 | |c BK |2 lcc | ||
